Culture Générale - Série 802 - Statistiques

Statistiques générales
  • Ce quiz a été pris 146 fois
  • Le résultat moyen est 6 sur 10
Statistiques - réponses
Question Réponse % Correct
Sur quel continent se situe le Tadjikistan ? Asie
96%
Ces deux lettres en bas d'une lettre réparent un oubli PS
91%
Quel véhicule tout-terrain au nom anglais est une sorte de moto à quatre roues ? quad
88%
De quel pays d'Europe, le Kenya est-il une ancienne colonie ? Grande-Bretagne
79%
Quel pays africain s'est formé suite à la réunion du Tanganyika et de l'État de Zanzibar ? Tanzanie
67%
Fabuliste grec de l'Antiquité, dont se serait inspiré Jean de La Fontaine Esope
61%
Quel vin de liqueur, fait de cognac et de jus de raisin frais, est une spécialité charentaise ? pineau
29%
Claude Debussy s'est inspiré d'un poème de Mallarmé pour composer son "Prélude à l'après-midi d'un... faune
28%
Dans quelle pays africain se trouve la ville de Gao ? Niger
28%
Dans la mythologie grecque, elle est la déesse de la pleine lune Séléné
20%
Aucun quiz correspondant
Distribution des résultats
% des personnes avec chaque résultat
Percentile par nombre de réponses
Votre historique - résultats
Vous n’avez pas pris ce quiz